00713nam a2200145Ia 4500008004100000020001800041100002200059245006300081260003900144650001400183650021500197856004500412999001900457952009100476171212s9999 xx 000 0 und d a9780874212563 aFarris, Christine cFarris, Christineeditor Anson, Chris MaUnder Construction bUniversity Press of Coloradoc1998 aEducation aEnglish language -- Rhetoric -- Study and teaching; English language -- Rhetoric -- Study and teaching -- Theory, etc.; Report writing -- Study and teaching; Report writing -- Study and teaching -- Theory, etc. uwww.jstor.org/stable/10.2307/j.ctt46nrqf c353184d353184 001040aCLbCLd2017-12-12l0oPE1404 .U53 1998r2017-12-12 00:00:00w2017-12-12yCBE